Water and power : the politics of a scarce resource in the Jordan river basin (Record no. 92771)

MARC details
000 -LEADER
fixed length control field 00696nam a2200193Ia 4500
008 - FIXED-LENGTH DATA ELEMENTS--GENERAL INFORMATION
fixed length control field 191130s1995##################000#0#eng##
020 ## - INTERNATIONAL STANDARD BOOK NUMBER
ISBN 9780521558365
082 ## - DEWEY DECIMAL CLASSIFICATION NUMBER
Classification number 331.91009 LOW
100 ## - MAIN ENTRY--AUTHOR NAME
Personal name Lowi, Miriam R
245 ## - TITLE STATEMENT
Title Water and power : the politics of a scarce resource in the Jordan river basin
Statement of responsibility, etc Miriam R. Lowi
260 ## - PUBLICATION, DISTRIBUTION, ETC. (IMPRINT)
Place of publication Cambridge
Name of publisher Cambridge University Press
Year of publication 1995
300 ## - PHYSICAL DESCRIPTION
Number of Pages xix, 291 p. : ill., maps ; 24 cm
500 ## - GENERAL NOTE
General note Includes bibliographical references and index
650 ## - SUBJECT ADDED ENTRY--TOPICAL TERM
Topical Term Water resources development -- Jordan River Region -- International cooperation
991 ## -
-- 154813
Holdings
Withdrawn status Lost status Damaged status Not for loan Home library Current library Shelving location Date acquired Full call number Accession Number Price effective from Koha item type
        Anna Centenary Library Anna Centenary Library 4TH FLOOR, A WING 09.10.2020 331.91009 LOW 236623 09.10.2020 English Books

Find us on the map